000
00360nam a2200133Ia 4500
003
GCL
008
140319s9999 xx 000 0 ara d
040
_a
GCL /
_c
GCL
082
0
4
_a
811.9
_b
ع ح
245
1
0
_a
حدث فى قصر السلطان
260
_a
[S.N] :
_b
الهيئة المصرية العامة للكتاب ،
_c
1988
300
_a
74 ص
490
_a
999
_c
34871
_d
34871